UBT Library

Louis Rukeyser's book of lists : (Record no. 43739)

000 -LEADER
fixed length control field 00826cam a2200253 a 4500
001 - CONTROL NUMBER
control field 3543287
005 - DATE AND TIME OF LATEST TRANSACTION
control field 20180301031500.0
008 - FIXED-LENGTH DATA ELEMENTS--GENERAL INFORMATION
fixed length control field 970602s1997 nyu b 000 0 eng
010 ## - LIBRARY OF CONGRESS CONTROL NUMBER
LC control number 97023136
020 ## - INTERNATIONAL STANDARD BOOK NUMBER
International Standard Book Number 0805051260 (hardcover : alk. paper)
040 ## - CATALOGING SOURCE
Original cataloging agency DLC
Transcribing agency DLC
Modifying agency DLC
041 ## - LANGUAGE CODE
Language code of text/sound track or separate title eng
080 ## - UNIVERSAL DECIMAL CLASSIFICATION NUMBER
Universal Decimal Classification number 332.6 lou
082 00 - DEWEY DECIMAL CLASSIFICATION NUMBER
Classification number 332.6 lou
Edition number 21
100 1# - Rafti
Rafti 60
101 ## - Shkurtesa
Shkurtesa bus
240 10 - UNIFORM TITLE
Uniform title <a href="Book of lists">Book of lists</a>
245 10 - TITLE STATEMENT
Title Louis Rukeyser's book of lists :
246 30 - VARYING FORM OF TITLE
Title proper/short title Book of lists
504 ## - BIBLIOGRAPHY, ETC. NOTE
Bibliography, etc Includes bibliographical references (p. [255]-257).
906 ## - LOCAL DATA ELEMENT F, LDF (RLIN)
a 7
b cbc
c orignew
d 1
e ocip
f 19
g y-gencatlg
942 ## - ADDED ENTRY ELEMENTS (KOHA)
Source of classification or shelving scheme
Item type Books
Holdings
Withdrawn status Lost status Source of classification or shelving scheme Damaged status Not for loan Collection code Permanent location Current location Shelving location Date acquired Total Checkouts Full call number Barcode Date last seen Price effective from Koha item type
          Koleksioni i përgjithshem UBT - Lipjan UBT - Lipjan Koleksioni i përgjithshem 03/01/2018   332.6 lou 002-3000187 03/01/2018 03/01/2018 Books
UBT Library © 2015-2024. All rights reserved University Education for Business and Technology